Ceny na trzích kapitalistických států a devizové kursy 3/85 čtvrtletní rekapitulace

Saved in:
Bibliographic Details
Format: Book
Language:Czech
Published: Praha Výzkumný ústav vnějších ekonomických vztahů 1985
Series:Ekonomická informace č. 21
Tags: Add Tag
No Tags, Be the first to tag this record!

MARC

LEADER 00000nam a2200000 4500
001 c105108
005 20260309100254.1
041 0 |a cze 
044 |a CZ 
245 1 0 |a Ceny na trzích kapitalistických států a devizové kursy 3/85  |b čtvrtletní rekapitulace 
264 1 |a Praha  |b Výzkumný ústav vnějších ekonomických vztahů  |c 1985 
300 |a 108 s. 
490 1 |a Ekonomická informace  |v č. 21 
830 0 |a Ekonomická informace  |v č. 21